LEADER 02510nam0 22005293i 450 001 RAV0108835 005 20251003044324.0 020 $aIT$b59-2414 100 $a19900830d1959 ||||0itac50 ba 101 | $aita$cita 102 $ait 181 1$6z01$ai $bxxxe 182 1$6z01$an 183 1$6z01$anc$2RDAcarrier 200 1 $aDall'antifascismo alla Resistenza$fdi Leo Valiani 210 $aMilano$cFeltrinelli$d1959 215 $a193 p.$d19 cm. 225 | $aUniversale economica$v269$i. Serie Documenti$v4 410 0$1001RAV0108831$12001 $aUniversale economica$i. Serie Documenti$v4 500 10$aDall'antifascismo alla Resistenza$3UFE1023189$9CFIV003565$9204861 606 $aItalia$xStoria$x1922-1947$2FIR$3BA1C190905$9I 606 $aAntifascismo$2FIR$3CFIC021663$9E 620 $aIT$dMilano$3MUSL002184 676 $a945$9STORIA. ITALIA$v21 676 $a945.091$9Storia. Italia. Regno di Vittorio Emanule III, 1900-1946$v14 676 $a945.091$9STORIA D'ITALIA. REGNO DI VITTORIO EMANUELE III, 1900-1946$v20 676 $a945.0915$9STORIA. ITALIA. PERIODO FASCISTA, 1922-1943$v21 676 $a945.0916$9STORIA D'ITALIA. PERIODO DELLA RESISTENZA ARMATA E DELLA FINE DEL REGNO, 1943-1946$v20 676 $a945.0916$9Storia d'Italia. Periodo della resistenza armata e della fine del regno. 1943-1946$v22 686 $aIT/162.5$cPARTITI E MOVIMENTI POLITICI ITALIA FASCISTA 1922-1939$2R 686 $aIT/1627.9$cCULTURA ANTIFASCISTA ITALIA FASCISTA 1922-1939$2R 686 $aIT/27241.0$cRESISTENZA ITALIANA VICENDE POLITICHE 1943-1945$2R 696 $aOpposizione al fascismo 699 $aAntifascismo$zOpposizione al fascismo 700 1$aValiani$b, Leo$3CFIV003565$4070$0134381 790 1$aWeiczen$b, Leo$3SBNV002949$zValiani, Leo 801 3$aIT$bIT-000000$c19900830 850 $aIT-BN0095 $aIT-NA0079 $aIT-NA0120 $aIT-NA0693 $aIT-NA0230 $aIT-NA0313 901 $bNAP IR$cF. VITALE $n$ 901 $bNAP BN$cR.FIENGA $nLa consegna dei documenti è effettuata dall'Ufficio Distribuzione 901 $bNAP EB$cBIBLIOTECA$n$ 901 $bNAP 01$cDEMARCO $n$ 912 $aRAV0108835 950 0$aBiblioteca Centralizzata di Ateneo$c1 v.$d 01DEMARCO MON. 139$e 01 0000098185 VMA 1 v.$fA $h20230504$i20240902 977 $a 01$a BN$a CR$a EB$a IR$a SE 996 $aDall'antifascismo alla resistenza$9204861 997 $aUNISANNIO